000 00413pab a2200157 454500
008 180718b2005 xxu||||| |||| 00| 0 eng d
100 _aPramanik, Bimal
245 _aIllegal migration from Bangladesh - a case study of West Bengal
260 _c2005
300 _ap.43-53.
362 _aJan-Mar
650 _aMigration - Case studies p.43-53.
650 _aMigration
773 _aDialogue
909 _a64976
999 _c64976
_d64976